000 00970nam a2200277Ia 4500
003 GCL
008 140319s9999 xx 000 0 ara d
020 _a8459232977
040 _aGCL /
_cGCL
082 0 4 _a370.152
_bم م
100 1 _aمجدى عزيز ابراهيم
245 1 0 _aالمنهج التربوى وتعليم التفكير /
_cمجدى عزيز ابراهيم
250 _aالاولى
260 _aالقاهرة :
_bعالم الكتب ،
_c2005
300 _a424 ص ؛
_c24 سم
490 _aسلسلة التفكير والتعليم والتعلم
_v2
650 0 4 _aعلم النفس التربوى
650 0 4 _aالادراك
650 0 4 _aالتخيل الابداعى
650 0 4 _aالقدرة العقلية
650 0 4 _aالتعليم - الطرق التجريبية
650 0 4 _aالتفكير - تنمية
650 0 4 _aالتعليم والابداع
650 0 4 _aالتعليم والتفكير
942 _2ddc
_cBK
999 _c9725
_d9725